000 00751nam a2200193Ia 4500
005 20250508155845.0
008 008 250505s9999 xx 000 0 eng d
037 _aDissertations
040 _aFEDL
_beng
_cFEDL
041 _aeng
_2eng
084 _a502, BAN/DI
_qFEDL
100 _aBansal Pram Chand
_9767699
245 0 _aFactual analysis of science concepts as judged by general science text books for classes VI,VII and VIII in the states of Delhi, Punjab, Rajasthan and Madhya Pradesh and a critical evaluation of the same in terms of the desirable criteria of concepts for
260 _c1959
300 _a81p.
546 _aM.Ed. Dissertation (Delhi University)
942 _cDIS
_h502, BAN/DI
999 _c1359669
_d1359669